[Event "Golden Sands Europe op 3rd"]
[Site "Golden Sands"]
[Date "2014.06.12"]
[Round "3"]
[White "Yordanov, Ventsislav"]
[Black "Visanescu, Daria Ioana"]
[Result "0-1"]
[WhiteElo "1614"]
[BlackElo "2057"]
[PlyCount "94"]
[EventDate "2014.06.10"]
[EventType "swiss"]
[EventRounds "9"]
[EventCountry "BUL"]
[SourceTitle "CBM 160 Extra"]
[Source "ChessBase"]
[SourceDate "2014.07.01"]
[SourceVersion "1"]
[SourceVersionDate "2014.07.01"]
[SourceQuality "1"]

1. d4 g6 2. Bg5 Bg7 3. c3 b6 4. Nf3 Bb7 5. e3 d6 6. Bb5+ c6 7. Bd3 Nf6 8. 0-0 Nbd7 9. e4 Qc7 10. Re1 e5 11. Nbd2 0-0 12. Rc1 h6 13. Bh4 Nh5 14. Bb1 Nf4 15. Nc4 Ba6 16. b3 Bxc4 17. bxc4 Rfe8 18. h3 Nf8 19. Bg3 N8e6 20. Qd2 Nh5 21. Bh2 Nef4 22. Kh1 Ne6 23. a4 Nhf4 24. d5 cxd5 25. exd5 Nc5 26. Bc2 Nh5 27. Re2 Qd7 28. Qd1 Rac8 29. Rb1 Qd8 30. Re3 Qf6 31. Kg1 Nf4 32. Ra1 h5 33. a5 Bh6 34. axb6 axb6 35. Ra7 Ra8 36. Qa1 Rxa7 37. Qxa7 Nxh3+ 38. gxh3 Bxe3 39. fxe3 Qxf3 40. Qxb6 Qxe3+ 41. Kh1 Qc1+ 42. Bg1 Qxc2 43. Qxd6 Qe4+ 44. Kh2 Qf4+ 45. Kg2 Nd3 46. c5 Ne1+ 47. Kh1 Qf3+ 0-1